000 00458nam a22001697a 4500
003 CEME
005 20210628210350.0
008 210216b xxu||||| |||| 00| 0 eng d
040 _c.
082 _a297.61 NIS
100 _aNisaar Ahmed Farooqi.Prof
_979100
245 _aNaqad malfozaat
260 _aLAHORE
_bIDARA SAQAFFAT ISLAMI
_c1989
300 _a268P
650 _aISLAM-MALFOZAAT-SOFIA KARAM ISLAM-BIOGRAPHY-SOFIA KARAM
_979101
942 _cBK
_2ddc
999 _c584163
_d584163